000 01108cab a2200277 4500
001 WB3020-39
008 090401t1994 xxu||||| |||| 00| 0 eng d
035 _a(Sirsi) u58449
041 _aeng
245 _aSurveyors duty of care
260 _c1994
350 _a0
490 _aEstates Gazette Case Summaries
_v1994 EGCS 90 (21/5/94)
520 _aIn "Axa Equity & Law Home Loans Ltd v Hirani Watson" QBD 12 May 1994 it was held that A`s claim failed when a valuation for a mortgagee resulted in domestic property being subsequently repossessed and sold for a low price. At issue was whether the valuer was negligent and whether his valuation was within an acceptable bracket.
650 _aMARGIN OF ERROR
650 _aMORTGAGE VALUATION
650 _aMOUNT BANKING CORPORATION LTD V BRIAN COOPER & CO
650 _aNEGLIGENCE
650 _aREPOSSESSION
650 _aSINGER AND FRIEDLANDER LTD V JOHN D WOOD AND CO
650 _aVALUERS
690 _aMANAGEMENT-BUSINESS MANAGEMENT-PROFESSIONAL PRACTICE
690 _aPROPERTY LAW AND PRACTICE
942 _n0
948 _c04/03/1997
999 _c35685
_d35685